000 00461nam a2200169Ia 4500
005 20250508155541.0
008 008 250505s9999 xx 000 0 eng d
037 _aBooks to be hide in OPAC
040 _aFEDL
_beng
_cFEDL
041 _aeng
_2eng
084 _a370.5, HEA/O
_qFEDL
245 0 _aHealth education number. Vol May 1962 No-5
300 _a174p.
546 _aWeeded out
942 _cHB
_h370.5, HEA/O
999 _c1357662
_d1357662